| 000 | 00561nam a2200145Ia 4500 | ||
|---|---|---|---|
| 008 | 170221s9999 xx 000 0 und d | ||
| 100 | _aWan Zuriati Wan Zakaria | ||
| 245 | 2 | _aA Survey on the Impact of Accounting Information System on Tasks Efficiency: Evidence from Malaysian Public Sector Agencies | |
| 245 | _cWan Zuriati Wan Zakaria, Norazlina Ilias, Norlidawahi Wahab | ||
| 260 | _bInternational Review of Management and Marketing | ||
| 260 | _c2017 | ||
| 300 | _a7 : 1 | ||
| 650 | _xMarketing. | ||
| 856 | _uhttp://www.econjournals.com/index.php/irmm | ||
| 999 |
_c307997 _d307997 |
||